International economics

Na minha lista:
Detalhes bibliográficos
Autor principal: Kindleberger,Charles P
Formato: Livro
Publicado em: Illinois Richard D.Irwin,INC c1968
Edição:4th ed.
Assuntos:
Tags: Adicionar Tag
Sem tags, seja o primeiro a adicionar uma tag!

MARC

LEADER 00000nam a2200000 4500
020 |a NA  |c TZS 3500 
040 |a MUL  |b eng  |e AACR 
082 |a 0032042 
100 |a Kindleberger,Charles P 
245 |a International economics  |c / Charles P. Kindleberger 
250 |a 4th ed. 
260 |a Illinois  |b Richard D.Irwin,INC  |c c1968 
300 |a xix, 611 p. :  |b ill.;  |c 23 cm 
504 |a Includes index 
650 |a International trade 
650 |a Taxation 
942 |c BK 
999 |c 2895  |d 2895